The Essence of Information Systam (Record no. 1434)

MARC details
000 -LEADER
fixed length control field 00429nam a22001697a 4500
005 - DATE AND TIME OF LATEST TRANSACTION
control field 20180326120528.0
008 - FIXED-LENGTH DATA ELEMENTS--GENERAL INFORMATION
fixed length control field 160523b xxu||||| |||| 00| 0 eng d
020 ## - INTERNATIONAL STANDARD BOOK NUMBER
ISBN 81-203-1056-X
041 ## - LANGUAGE CODE
Language code of text/sound track or separate title eng
082 ## - DEWEY DECIMAL CLASSIFICATION NUMBER
Item number 4218
Classification number 338.88
100 ## - MAIN ENTRY--AUTHOR NAME
Personal name Edwards, Chris & Others
245 ## - TITLE STATEMENT
Title The Essence of Information Systam
260 ## - PUBLICATION, DISTRIBUTION, ETC. (IMPRINT)
Place of publication New Delhi
Name of publisher Academic Faundation
300 ## - PHYSICAL DESCRIPTION
Number of Pages 205
650 ## - SUBJECT ADDED ENTRY--TOPICAL TERM
Topical Term Management
942 ## - ADDED ENTRY ELEMENTS (KOHA)
Koha item type Books
Holdings
Lost status Damaged status Collection code Home library Current library Shelving location Date acquired Cost, normal purchase price Full call number Accession Number Koha item type
    MANAGEMENT JRU Library JRU Library SHELF- 69 F 23/05/2016 75.00 338.88 4218 Books
    MANAGEMENT JRU Library JRU Library SHELF- 69 F 23/05/2016 75.00 338.88 4219 Books
    MANAGEMENT JRU Library JRU Library SHELF-61-C 23/05/2016 75.00 338.88 4220 Books
    MANAGEMENT JRU Library JRU Library SHELF- 69 F 23/05/2016 75.00 338.88 4221 Books
      JRU Library   Shelf - 21- F 23/05/2016 75.00 338.88 4222 Books
    MANAGEMENT JRU Library JRU Library SHELF- 69 F 23/05/2016 75.00 338.88 4223 Books
    Reference JRU Library   SHELF-29-A 23/05/2016 75.00 338.88 4224 Books
    MANAGEMENT JRU Library JRU Library SHELF- 69 F 23/05/2016 75.00 338.88 4225 Books